[Event "VEN-ch U17"]
[Site "Caracas"]
[Date "2019.08.09"]
[Round "5"]
[White "Barreto Bastidas, Jose Daniel"]
[Black "Velasquez Cristancho, Juan Pablo"]
[Result "1/2-1/2"]
[WhiteElo "1718"]
[BlackElo "1731"]
[PlyCount "71"]
[EventDate "2019.08.07"]
[EventType "swiss"]
[EventRounds "9"]
[EventCountry "VEN"]
[SourceTitle "EXT 2020"]
[Source "ChessBase"]
[SourceDate "2019.10.17"]
[SourceVersion "1"]
[SourceVersionDate "2019.10.17"]
[SourceQuality "1"]

1. Nf3 Nf6 2. g3 g6 3. Bg2 Bg7 4. 0-0 d6 5. d4 c6 6. c4 0-0 7. Nc3 Qa5 8. Bd2 Qh5 9. e4 Bg4 10. Qe2 Nbd7 11. Qe3 Bh3 12. Qg5 Bxg2 13. Kxg2 Qxg5 14. Bxg5 h6 15. Bxf6 Bxf6 16. Rad1 Rfd8 17. Rfe1 Bg7 18. Re2 Kf8 19. Nh4 a6 20. f4 b5 21. cxb5 axb5 22. b3 Rab8 23. Rc2 Rdc8 24. Nf3 c5 25. Ne2 Ra8 26. Rdd2 Ke8 27. e5 cxd4 28. Rxc8+ Rxc8 29. Nfxd4 Rc5 30. a4 bxa4 31. bxa4 Nb6 32. Nb5 d5 33. h3 e6 34. Nd6+ Ke7 35. Nb7 Rc7 36. Na5 1/2-1/2

[Event "VEN-ch U17"]
[Site "Caracas"]
[Date "2019.08.07"]
[Round "2"]
[White "Barreto Bastidas, Jose Daniel"]
[Black "Rodil Fermin, Leonardo Enrique"]
[Result "1/2-1/2"]
[WhiteElo "1718"]
[BlackElo "1771"]
[PlyCount "74"]
[EventDate "2019.08.07"]
[EventType "swiss"]
[EventRounds "9"]
[EventCountry "VEN"]
[SourceTitle "EXT 2020"]
[Source "ChessBase"]
[SourceDate "2019.10.17"]
[SourceVersion "1"]
[SourceVersionDate "2019.10.17"]
[SourceQuality "1"]

1. e4 c6 2. d4 d5 3. e5 Bf5 4. Bd3 Bxd3 5. Qxd3 Qa5+ 6. c3 e6 7. Ne2 c5 8. dxc5 Qxc5 9. Be3 Qc7 10. Nd2 Nd7 11. f4 Ne7 12. Nd4 a6 13. 0-0 g6 14. c4 dxc4 15. Nxc4 Nd5 16. Rac1 Nc5 17. Qe2 Be7 18. a3 Qd8 19. Nd2 Rc8 20. b4 Nd7 21. Ne4 0-0 22. Bd2 Qb6 23. Qf2 Rc7 24. Rxc7 Qxc7 25. Rc1 Qb8 26. Nb3 b6 27. Nc3 Nxc3 28. Rxc3 Rc8 29. Rd3 Qc7 30. Qd4 Rd8 31. Rc3 Qb7 32. Qc4 Nb8 33. Be3 b5 34. Qc7 Qxc7 35. Rxc7 Rd7 36. Rc8+ Rd8 37. Rc7 Rd7 1/2-1/2